Monitor business directory unlocking Uganda 2007.
| Format: | Book |
|---|---|
| Published: |
[S.l]:
Monitor business directory unlocking Uganda,
2007.
|
| Subjects: |
| LEADER | 00520cam a2200145 7i4500 | ||
|---|---|---|---|
| 001 | 0000021319 | ||
| 005 | 20080604090000.0 | ||
| 090 | 0 | 0 | |a UGND 338.7025 |b MON |
| 245 | 0 | 0 | |a Monitor business directory unlocking Uganda 2007. |
| 260 | 0 | 0 | |a [S.l]: |b Monitor business directory unlocking Uganda, |c 2007. |
| 300 | # | # | |a [v.p]. |
| 650 | 0 | 0 | |a Business -- |x Directories -- |z Uganda |
| 651 | 0 | 0 | |a Uganda |
| 999 | |a B000021326 |b Directories |c Countries |e Business Information Centre | ||
| 999 | |a 0000021326 |b Directories |c Countries |e Business Information Centre | ||